<?xml version="1.0" encoding="UTF-8"?><?xml-stylesheet type="text/xsl" href="static/style.xsl"?><OAI-PMH xmlns="http://www.openarchives.org/OAI/2.0/" xmlns:xsi="http://www.w3.org/2001/XMLSchema-instance" xsi:schemaLocation="http://www.openarchives.org/OAI/2.0/ http://www.openarchives.org/OAI/2.0/OAI-PMH.xsd"><responseDate>2026-04-17T05:54:28Z</responseDate><request verb="GetRecord" identifier="oai:www.recercat.cat:20.500.14342/3732" metadataPrefix="marc">https://recercat.cat/oai/request</request><GetRecord><record><header><identifier>oai:recercat.cat:20.500.14342/3732</identifier><datestamp>2025-03-11T12:44:18Z</datestamp><setSpec>com_2072_482405</setSpec><setSpec>com_2072_183628</setSpec><setSpec>col_2072_482410</setSpec></header><metadata><record xmlns="http://www.loc.gov/MARC21/slim" xmlns:dcterms="http://purl.org/dc/terms/" xmlns:xsi="http://www.w3.org/2001/XMLSchema-instance" xmlns:doc="http://www.lyncode.com/xoai" xsi:schemaLocation="http://www.loc.gov/MARC21/slim http://www.loc.gov/standards/marcxml/schema/MARC21slim.xsd">
   <leader>00925njm 22002777a 4500</leader>
   <datafield ind2=" " ind1=" " tag="042">
      <subfield code="a">dc</subfield>
   </datafield>
   <datafield ind2=" " ind1=" " tag="720">
      <subfield code="a">Fondevila-Gascón, Joan-Francesc</subfield>
      <subfield code="e">author</subfield>
   </datafield>
   <datafield ind2=" " ind1=" " tag="720">
      <subfield code="a">Vidal Portés, Eduard</subfield>
      <subfield code="e">author</subfield>
   </datafield>
   <datafield ind2=" " ind1=" " tag="720">
      <subfield code="a">Vilajoana Alejandre, Sandra</subfield>
      <subfield code="e">author</subfield>
   </datafield>
   <datafield ind2=" " ind1=" " tag="720">
      <subfield code="a">Krtolica-Lukic, Aleksandra</subfield>
      <subfield code="e">author</subfield>
   </datafield>
   <datafield ind2=" " ind1=" " tag="720">
      <subfield code="a">Lobo-Fernández, Cristina</subfield>
      <subfield code="e">author</subfield>
   </datafield>
   <datafield ind2=" " ind1=" " tag="260">
      <subfield code="c">2022</subfield>
   </datafield>
   <datafield ind2=" " ind1=" " tag="520">
      <subfield code="a">El uso de internet y de las redes sociales influye en las decisiones de los turistas a la hora&#xd;
de consumir cualquier tipo de producto o servicio. De hecho, una estrategia eficiente en&#xd;
herramientas de marketing digital por parte de las empresas turísticas y los destinos&#xd;
aumenta su visibilidad de cara a la audiencia y, por tanto, sus ventas. Esta investigación&#xd;
pretende analizar algunos de los blogs más conocidos en lengua española mediante el análisis de contenido de sus webs. Así, se utiliza una metodología cualitativa (entrevistas en&#xd;
profundidad con profesionales del marketing y con lectores y creadores de blogs) y cuantitativa (una encuesta al público en general para valorar el perfil de los visitantes de los&#xd;
blogs, lo que capta más la atención de estas páginas web). Se establece una ficha técnica de&#xd;
cada blog que agrupa 22 variables que analizan cuatro partes principales (la cabecera&#xd;
como puerta de entrada, el artículo, la barra lateral y el pie de página). Se concluye que los&#xd;
blogs de viajes y sus redes sociales son herramientas de marketing muy relevantes en la&#xd;
actualidad y que la mayor parte de los mileniales los usan como primera opción a la hora&#xd;
de buscar información para viajar.</subfield>
   </datafield>
   <datafield ind2=" " ind1=" " tag="520">
      <subfield code="a">L’ús d’internet i de les xarxes socials influeix en les decisions dels turistes a l’hora de consumir qualsevol tipus de producte o servei. De fet, una estratègia eficient en eines de&#xd;
màrqueting digital per part de les empreses turístiques i les destinacions augmenta la seva&#xd;
visibilitat de cara a l’audiència i, per tant, les seves vendes. Aquesta recerca pretén analitzar alguns dels blogs més coneguts en llengua espanyola mitjançant l’anàlisi de contingut&#xd;
dels seus webs. Així, s’utilitza una metodologia qualitativa (entrevistes en profunditat&#xd;
amb professionals del màrqueting i amb lectors i creadors de blogs) i quantitativa (una&#xd;
enquesta al públic en general per valorar el perfil dels visitants dels blogs, la qual cosa&#xd;
capta més l’atenció d’aquestes pàgines web). S’estableix una fitxa tècnica de cada blog que&#xd;
agrupa 22 variables que analitzen quatre parts principals (la capçalera com a porta d’entrada, l’article, la barra lateral i el peu de pàgina). Es conclou que els blogs de viatges i les&#xd;
seves xarxes socials són eines de màrqueting molt rellevants en l’actualitat i que la major&#xd;
part dels mil·lennistes els utilitzen com a primera opció a l’hora de buscar informació per&#xd;
viatjar.</subfield>
   </datafield>
   <datafield ind2=" " ind1=" " tag="520">
      <subfield code="a">The use of the internet and social networks influences the decisions of tourists when it&#xd;
comes to consuming any type of tourist product or service. In fact, an efficient strategy in&#xd;
digital marketing tools by tourism companies and destinations increases their visibility to&#xd;
the audience and, therefore, their sales. This research aims to analyse some of the bestknown blogs in the Spanish language through content analysis of their websites. Both&#xd;
qualitative methodology (in-depth interviews with marketing professionals, blog readers&#xd;
and blog creators) and quantitative methodology (a survey of the general public to assess&#xd;
the profile of blog visitors; what attracts most attention on these web pages) are used.&#xd;
A technical sheet is established, which uses 22 variables to analyse four main sections of&#xd;
each blog (the header as entry point, the post, the sidebar and the footer). The study concludes that travel blogs and their social networks are very important marketing tools&#xd;
today, and that most millennials use travel blogs as the first option when looking for&#xd;
information for travel.</subfield>
   </datafield>
   <datafield ind1="8" ind2=" " tag="024">
      <subfield code="a">http://hdl.handle.net/20.500.14342/3732</subfield>
   </datafield>
   <datafield ind1="8" ind2=" " tag="024">
      <subfield code="a">https://doi.org/10.5565/rev/analisi.3515</subfield>
   </datafield>
   <datafield tag="653" ind2=" " ind1=" ">
      <subfield code="a">Blog</subfield>
   </datafield>
   <datafield tag="653" ind2=" " ind1=" ">
      <subfield code="a">Comunicació</subfield>
   </datafield>
   <datafield tag="653" ind2=" " ind1=" ">
      <subfield code="a">Turisme</subfield>
   </datafield>
   <datafield tag="653" ind2=" " ind1=" ">
      <subfield code="a">Hipertextualitat</subfield>
   </datafield>
   <datafield tag="653" ind2=" " ind1=" ">
      <subfield code="a">Audiència</subfield>
   </datafield>
   <datafield ind2="0" ind1="0" tag="245">
      <subfield code="a">El fenómeno blog en España: análisis sectorial de hipertextualidad, multimedia e interactividad</subfield>
   </datafield>
</record></metadata></record></GetRecord></OAI-PMH>